Catálogo

EL PETROLEO DE MEXICO : (Registro nro. 3827)

Detalles MARC
000 -LEADER
fixed length control field 00435nam a2200157 a 4500
001 - CONTROL NUMBER
control field 3827
005 - DATE AND TIME OF LATEST TRANSACTION
control field 20180713183730.0
008 - FIXED-LENGTH DATA ELEMENTS--GENERAL INFORMATION
fixed length control field 140415s1975 000 0 spa d
041 ## - LANGUAGE CODE
Language code of text/sound track or separate title spa
082 ## - DEWEY DECIMAL CLASSIFICATION NUMBER
Classification number 972
Item number LOP
100 1# - MAIN ENTRY--PERSONAL NAME
Personal name LOPEZ PORTILLO Y WEBER, JOSE
245 13 - TITLE STATEMENT
Title EL PETROLEO DE MEXICO :
Remainder of title SU IMPORTANCIA, SUS PROBLEMAS
260 ## - PUBLICATION, DISTRIBUTION, ETC.
Place of publication, distribution, etc. [s.l.] :
Name of publisher, distributor, etc. FCE,
Date of publication, distribution, etc. 1975
300 ## - PHYSICAL DESCRIPTION
Extent 294
650 14 - SUBJECT ADDED ENTRY--TOPICAL TERM
Topical term or geographic name entry element PETROLEO
General subdivision HISTORIA
-- MEXICO
Existencias
Withdrawn status Lost status Source of classification or shelving scheme Damaged status Not for loan Collection code Home library Current library Shelving location Date acquired Source of acquisition Inventory number Total Checkouts Full call number Barcode Date last seen Price effective from Koha item type
    Dewey Decimal Classification     General Biblioteca Karol Wojtyla Biblioteca Karol Wojtyla Sala general 03/12/2013 Compra 151000000000000000035481   972 LOP 15144 05/01/2026 03/12/2013 Libro